002760000a220007300045001000016000002450116000163000054001327730016001861 aPowell, Jim10aFrederick Douglass --Heroic orator for liberty. Born into slavery, Frederick Douglass advocated freedom for all aVol. 47, Num. 2 (Febrero, 1997), Páginas 98-1080 tThe Freeman